ბათუმის შოთა რუსთაველის სახელმწიფო უნივერსიტეტის ბიბლიოთეკა

Сельское хозяйство и аграрные отношения. т.2 (ბიბ.ჩანაწერი № 46338)

000 -LEADER
fixed length control field 00732nam a2200205Ia 4500
001 - CONTROL NUMBER
control field 13174
003 - CONTROL NUMBER IDENTIFIER
control field GE_BSU
008 - FIXED-LENGTH DATA ELEMENTS--GENERAL INFORMATION
fixed length control field 181216s||||||||xx |||||||||||||| ||und||
040 ## - CATALOGING SOURCE
Transcribing agency GE_BSU
080 ## - UNIVERSAL DECIMAL CLASSIFICATION NUMBER
Universal Decimal Classification number 63
245 ## - TITLE STATEMENT
Title Сельское хозяйство и аграрные отношения. т.2
245 ## - TITLE STATEMENT
Remainder of title О ликвидации временнобязанных и хизанских отношении
245 ## - TITLE STATEMENT
Statement of responsibility, etc. Сост. Гугушвили.Ред.Е.Д.Какабадзе
260 ## - PUBLICATION, DISTRIBUTION, ETC.
Place of publication, distribution, etc. Тбилиси
260 ## - PUBLICATION, DISTRIBUTION, ETC.
Name of publisher, distributor, etc. Изд-во АН Грузинской ССР
260 ## - PUBLICATION, DISTRIBUTION, ETC.
Date of publication, distribution, etc. 1955
300 ## - PHYSICAL DESCRIPTION
Extent 855стр.27см.
653 ## - INDEX TERM--UNCONTROLLED
Uncontrolled term Сельское хозяйство и аграрные отношения
942 ## - ADDED ENTRY ELEMENTS (KOHA)
Koha item type წიგნი
ეგზემპლარები
Withdrawn status Lost status Damaged status Not for loan Date acquired Barcode Date last seen Price effective from Koha item type
        2018-12-17 21050 2018-12-17 2018-12-17 წიგნი